01831cam a2200445Mc 4500003000900000005001700009008004100026020001500067020001800082035002700100040003300127049000900160082001700169100002700186245007400213264004500287300004400332336002100376337002500397338002300422504003900445504003200484505019000516526000900706526000900715526000800724526000800732526000800740541001700748650002400765650002100789910002800810942001400838949012500852994001400977596000600991999016500997980005501162952016801217PE-LiUPU20250731184050.0140204s2014 mdu b 001 0 eng d a1442227583 a9781442227583 a(Sirsi) i9781442227583 aPE-LiUPUbspacPE-LiUPUerda aPRUA00a808.042bS741 aSpencer, Linda,d1943-10aWriting well in the 21st centurybthe five essentialscLinda Spencer.1 aLanham, Md. bRowman & Littlefieldc2014 avii, 156 páginas. ;c23 centímetros atext2rdacontent aunmediated2rdamedia avolume2rdacarrier aBibliografía : páginas 145-147 aÍndice: páginas 149-1560 aPunctuation, the choicesGrammar, clarity, clarity, clarity -- Facts, the acceptable and the unacceptable -- Style, create unique writing -- Voice, every writer's goal -- One final word. aP145 aP127 aP97 aP14 aP07 g003-0000802; 0aArtes del lenguaje. 0aReporte escrito. ajckbbpccbpcd20160615 2ddccBOOK a808.042 S74wDEWEYc1i73434lCCODEBUL1mBULr0sYtBOOKu2016-6-15xEDUCACIONPP350COMPRAo.STAFF. Colección General aC0bPEPRU a1 a808.042 S74wDEWEYc9972i73434d9972e2019-4-11f2021-11-9g5lCCODEBUL1mBULn3q1r0sYtBOOKu2016-6-15xEDUCACIONPP350COMPRAo.STAFF. Colección General 81gALBERTO SANCHEZ Responsable de Automatización r2025-12-03 00:00:00i6l3o808.042 S74p73434s2019-04-11te1w2016-06-15xFTyBKzinventario-2023-12-13102ddc50708GENfP35aBULbBULcGENd2016-06-15eCOMPRA